Travels in Chile and La Plata, including accounts respecting the geography, geology, statistics, government, finances, agriculture, manners and customs, and the mining operations in Chile: collected during a residence of several years in these countries.
Saved in:
| Hovedforfatter: | |
|---|---|
| Format: | Bog |
| Sprog: | engelsk |
| Udgivet: |
London, England, United Kingdom
Printed for Baldwin, Cradock, and Joy
1826
|
| Fag: | |
| Tags: |
Tilføj Tag
Ingen Tags, Vær først til at tagge denne postø!
|
MARC
| LEADER | 00000nam a2200000 a 4500 | ||
|---|---|---|---|
| 001 | UCJ5445 | ||
| 003 | CL-VaPUC | ||
| 005 | 20250227100125.0 | ||
| 008 | 070124e18260000UK |||||||||||||||||eng|d | ||
| 999 | |c 321554 |d 321552 | ||
| 040 | |c Pontificia Universidad Católica de Valparaíso | ||
| 082 | 0 | 4 | |a 910.4 MIE 1826 |2 21 |
| 100 | |a Miers, John |e autor |9 510625 | ||
| 245 | 1 | 0 | |a Travels in Chile and La Plata, including accounts respecting the geography, geology, statistics, government, finances, agriculture, manners and customs, and the mining operations in Chile: collected during a residence of several years in these countries. |
| 260 | 0 | 3 | |a London, England, United Kingdom |b Printed for Baldwin, Cradock, and Joy |c 1826 |
| 300 | |a 2 volúmenes. | ||
| 500 | |a Mapas e ilustraciones conforme a lo señalado en el índice excepto el de p. 218 del v.2 y el mapa del frontispicio del mismo vol. | ||
| 583 | |a last modification |c 20070124 00:00:00 |k Rodrigo Vera | ||
| 650 | 0 | |a Viajes |9 257115 | |
| 650 | 7 | |a INGLESES |2 CL-VaPUC |9 510626 | |
| 650 | 0 | |a Historia |9 255047 | |
| 650 | 0 | |a Geografía |9 259346 | |
| 650 | 0 | |a Aborígenes |9 329972 | |
| 650 | 0 | |a Población |9 257577 | |
| 650 | 0 | |a Ciudades |9 265474 | |
| 650 | 0 | |a Cultura |9 269059 | |
| 650 | 7 | |a INSTITUCIONES |2 CL-VaPUC |9 329701 | |
| 650 | 7 | |a FLORA |2 CL-VaPUC |9 264745 | |
| 650 | 7 | |a FAUNA |2 CL-VaPUC |9 349523 | |
| 650 | 0 | |a Recursos naturales |9 255232 | |
| 650 | 0 | |a Minería |9 326008 | |
| 650 | 7 | |a DICCIONARIO |2 CL-VaPUC |9 510627 | |
| 650 | 7 | |a LENGUA ARAUCANA |2 CL-VaPUC |9 506597 | |
| 650 | 7 | |a INDUSTRIA |2 CL-VaPUC |9 315110 | |
| 650 | 0 | |a Comercio |9 255341 | |
| 650 | 0 | |a Mapas |9 260844 | |
| 650 | 7 | |a PLANOS |2 CL-VaPUC |9 260106 | |
| 650 | 0 | |a Ilustraciones |9 369481 | |
| 651 | 7 | |a CHILE |2 CL-VaPUC |9 510628 | |
| 651 | 0 | |a Argentina |9 254888 | |
| 651 | 0 | |a Santiago |9 265444 | |
| 651 | 0 | |a Valparaíso, Chile |9 261144 | |
| 942 | |c BK |2 ddc | ||
| 945 | |d 20070124 00:00:00 |a rinostro | ||
| 952 | |0 0 |1 0 |4 0 |6 910_400000000000000_MIE_1826 |7 0 |8 X |9 400325 |a FDOBUD |b FDOBUD |d 2019-11-22 |h v.1 |i 1034790 |o 910.4 MIE 1826 |p 1034790 |r 2019-11-22 |t 1 |w 2019-11-22 |y BK_X |k BUD | ||
| 952 | |0 0 |1 0 |4 0 |6 910_400000000000000_MIE_1826 |7 0 |8 X |9 400326 |a FDOBUD |b FDOBUD |d 2019-11-22 |h v.2 |i 1034804 |o 910.4 MIE 1826 |p 1034804 |r 2019-11-22 |t 1 |w 2019-11-22 |y BK_X |k BUD | ||